| 000 | 006680000a22001810004500 | ||
|---|---|---|---|
| 003 | MACL | ||
| 005 | 20160604164240.0 | ||
| 008 | 160604b xxu||||| |||| 00| 0 eng d | ||
| 040 |
_aMACL _cMACL |
||
| 041 | _aHindi | ||
| 082 | _a900 | ||
| 100 |
_aडॉ शुक्ल, परशुराम _962491 |
||
| 245 |
_aडाक टिकटों में राज्या के प्राकृतिक प्रतीक _cडॉ परशुराम शुक्ल |
||
| 260 |
_aजयपुर _bअग्रवाल पब्लिशिंग हाउस _c2009 |
||
| 350 | _a400 | ||
| 650 |
_aHistory _962492 |
||
| 942 |
_cHIN _k900/SHU _2ddc |
||
| 999 |
_c48364 _d48364 |
||